Метод решения многоиндексных распределительных задач с нечеткими параметрами; Информационные технологии в науке, управлении, социальной сфере и медицине; Ч. 1
| Parent link: | Информационные технологии в науке, управлении, социальной сфере и медицине: сборник научных трудов IV Международной научной конференции, 5-8 декабря 2017 г., Томск/ Национальный исследовательский Томский политехнический университет (ТПУ).— , 2017 Ч. 1.— 2017.— [С. 6-8] |
|---|---|
| Autor principal: | |
| Altres autors: | |
| Sumari: | Заглавие с титульного экрана The method of solving multi-index transport problems taking into account the indeterminacy of the demand parameters and the cost of cargo transportation is considered in this article. A software application was developed to solve a multi-index distribution problem with fuzzy parameters. The software product is developed in the programming environment 1C v8.3. The article contains interface windows that implement the user's dialogue with the software application. |
| Idioma: | rus |
| Publicat: |
2017
|
| Col·lecció: | Информационные технологии поддержки принятия решений |
| Matèries: | |
| Accés en línia: | http://earchive.tpu.ru/handle/11683/46199 |
| Format: | MixedMaterials Electrònic Capítol de llibre |
| KOHA link: | https://koha.lib.tpu.ru/cgi-bin/koha/opac-detail.pl?biblionumber=625974 |
MARC
| LEADER | 00000naa2a2200000 4500 | ||
|---|---|---|---|
| 001 | 625974 | ||
| 005 | 20231101133405.0 | ||
| 035 | |a (RuTPU)RU\TPU\conf\25270 | ||
| 035 | |a RU\TPU\conf\25269 | ||
| 090 | |a 625974 | ||
| 100 | |a 20180129d2017 k y0rusy50 ca | ||
| 101 | 0 | |a rus |d eng | |
| 102 | |a RU | ||
| 105 | |a y z 101zy | ||
| 135 | |a drgn ---uucaa | ||
| 181 | 0 | |a i | |
| 182 | 0 | |a b | |
| 200 | 1 | |a Метод решения многоиндексных распределительных задач с нечеткими параметрами |d Method of solving multi-index distribution tasks with fuzzy parameters |f А. В. Боженюк, О. В. Косенко | |
| 203 | |a Текст |c электронный | ||
| 225 | 1 | |a Информационные технологии поддержки принятия решений | |
| 230 | |a 1 компьютерный файл (pdf; 325 Kb) | ||
| 300 | |a Заглавие с титульного экрана | ||
| 320 | |a [Библиогр.: с. 8 (4 назв.)] | ||
| 330 | |a The method of solving multi-index transport problems taking into account the indeterminacy of the demand parameters and the cost of cargo transportation is considered in this article. A software application was developed to solve a multi-index distribution problem with fuzzy parameters. The software product is developed in the programming environment 1C v8.3. The article contains interface windows that implement the user's dialogue with the software application. | ||
| 461 | 1 | |0 (RuTPU)RU\TPU\conf\25267 |t Информационные технологии в науке, управлении, социальной сфере и медицине |o сборник научных трудов IV Международной научной конференции, 5-8 декабря 2017 г., Томск |o в 2 ч. |f Национальный исследовательский Томский политехнический университет (ТПУ) |d 2017 | |
| 463 | 1 | |0 (RuTPU)RU\TPU\conf\25268 |t Ч. 1 |f Национальный исследовательский Томский политехнический университет (ТПУ) ; ред. кол. О. Г. Берестнева ; А. А. Мицель ; Т. А. Гладкова |v [С. 6-8] |d 2017 | |
| 510 | 1 | |a Method of solving multi-index distribution tasks with fuzzy parameters |z eng | |
| 610 | 1 | |a электронные ресурсы | |
| 610 | 1 | |a нечеткая оптимизация | |
| 610 | 1 | |a приближенные методы | |
| 610 | 1 | |a неопределенность | |
| 610 | 1 | |a исходные данные | |
| 610 | 1 | |a интервалы | |
| 700 | 1 | |a Боженюк |b А. В. | |
| 701 | 1 | |a Косенко |b О. В. | |
| 801 | 2 | |a RU |b 63413507 |c 20180321 |g RCR | |
| 856 | 4 | |u http://earchive.tpu.ru/handle/11683/46199 | |
| 942 | |c BK | ||